000 00629nam a2200217Ia 4500
005 20241129120140.0
008 241129s9999||||xx |||||||||||||| ||und||
020 _a9780226821474
037 _aTB
040 _aSDCL
_beng
_cSDCL
041 _aeng
_2eng
084 _aXxM99, R3 LR
_qSDCL
100 _aYadav Vikash
_9461957
245 0 _aLiberalism's last man: Hayek in the age of political capitalism
260 _aChicago
_bThe University of Chicago Press
_c2023
300 _axiv,288p.
365 _aUSD
_b35
650 _aPolitical Science
942 _cTB
_hXxM99, R3 LR
999 _c1233555
_d1233555